[Event "Let's Play Chess!"]
[Site "http://www.queenalice.com/game.php?id=617967"]
[Date "2009.7.14"]
[Round "-"]
[White "arrabi"]
[Black "Pravitel"]
[Result "1-0"]
[WhiteElo "1929"]
[BlackElo "2261"]

1. e4 Nf6 2. e5 Nd5 3. d4 d6 4. c4 Nb6 5. Nf3 Bg4 6. h3 Bh5 7. exd6 exd6 8. Be2
Be7 9. b3 O-O 10. O-O Bf6 11. Nc3 Nc6 12. Be3 Re8 13. Rc1 Bg6 14. Bd3 Bxd3 15.
Qxd3 Qd7 16. a3 a5 17. d5 Ne5 18. Nxe5 Bxe5 19. Bxb6 cxb6 20. f4 Bxc3 21. Rxc3
Qc7 22. a4 Qc5+ 23. Kh1 Re7 24. Qg3 Rae8 25. Rcf3 Re2 26. f5 f6 27. h4 R8e4 28.
h5 Qd4 29. Rf4 Re1 30. Qxe1 Rxe1 31. Rxd4 Rxf1+ 32. Kh2 Rxf5 33. g4 Re5 34. Rd3
g6 35. h6 Kf7 36. Kg3 g5 37. Kf2 Kg6 38. Rh3 Re4 39. Kf3 Rf4+ 40. Kg3 1-0

[Event "Let's Play Chess!"]
[Site "http://www.queenalice.com/game.php?id=617968"]
[Date "2009.7.14"]
[Round "-"]
[White "Pravitel"]
[Black "boilermaker1234"]
[Result "1-0"]
[WhiteElo "2239"]
[BlackElo "2214"]

1. d4 c5 2. d5 e6 3. c4 d6 4. Nc3 Nf6 5. e4 Be7 6. f4 exd5 7. cxd5 O-O 8. Nf3
Qa5 9. Bd3 Bd7 10. O-O Na6 11. e5 Ng4 12. e6 fxe6 13. dxe6 Bc6 14. Bc4 Nb4 15.
a3 Rad8 16. Nh4 d5 17. Qxg4 dxc4 18. Nf5 Rxf5 19. Qxf5 Bf6 20. Ne4 Bd4+ 21. Kh1
Rf8 22. Qh3 Qd8 23. axb4 Bxe4 24. bxc5 Bxc5 25. Be3 Bxe3 26. Qxe3 Qd5 27. Kg1
Qxe6 28. Rfe1 Re8 29. Rxa7 Qd5 30. Raa1 b5 31. Rad1 Qf5 32. Rd4 Bc6 33. Qf2
Rxe1+ 34. Qxe1 h6 35. Qe2 Qb1+ 36. Rd1 1-0

[Event "Let's Play Chess!"]
[Site "http://www.queenalice.com/game.php?id=622975"]
[Date "2009.7.23"]
[Round "-"]
[White "Pravitel"]
[Black "Heike67"]
[Result "1-0"]
[WhiteElo "2236"]
[BlackElo "2179"]

1. d4 d5 2. c4 dxc4 3. e3 Nf6 4. Bxc4 e6 5. Nf3 a6 6. O-O c5 7. Qe2 b5 8. Bb3
Bb7 9. Rd1 Nbd7 10. Nc3 cxd4 11. exd4 b4 12. Ne5 Qe7 13. Nxd7 Nxd7 14. Ne4 Nb6
15. Nc5 Bd5 16. Bd2 Qc7 17. Rdc1 1-0

[Event "Let's Play Chess!"]
[Site "http://www.queenalice.com/game.php?id=622976"]
[Date "2009.7.22"]
[Round "-"]
[White "Pravitel"]
[Black "CCapivara"]
[Result "1-0"]
[WhiteElo "2245"]
[BlackElo "2089"]

1. d4 d6 2. c4 Nf6 3. Nc3 c6 4. e4 Qa5 5. Bd3 e5 6. Nf3 Bg4 7. d5 cxd5 8. cxd5
Nbd7 9. h3 Bh5 10. O-O Be7 11. g4 Bg6 12. g5 Nh5 13. Qb3 O-O 14. Qxb7 Nc5 15.
Qxe7 Nxd3 16. Qxd6 Rfd8 17. Qe7 Re8 18. Qd7 Nxc1 19. Rfxc1 Nf4 20. Nh4 Rad8 21.
Qg4 Bh5 22. Qg3 Rc8 23. Kh2 Qb4 24. Rc2 a5 25. Rac1 a4 26. Ng2 Qd6 27. Nb5 Qb8
28. Rxc8 Rxc8 29. Rxc8+ Qxc8 30. Nxf4 exf4 31. Qxf4 g6 32. Qc7 Qe8 33. Nc3 a3
34. bxa3 Bf3 35. Qf4 Bh5 36. e5 Qc8 37. Ne4 Qc2 38. Nf6+ Kg7 39. Nxh5+ gxh5 40.
Qf6+ Kg8 41. d6 Qd2 42. Qf5 Qxa2 43. d7 Qd5 44. a4 h4 45. a5 Qxa5 46. Qf6 1-0

[Event "Let's Play Chess!"]
[Site "http://www.queenalice.com/game.php?id=622977"]
[Date "2009.7.22"]
[Round "-"]
[White "Pravitel"]
[Black "CCapivara"]
[Result "1-0"]
[WhiteElo "2241"]
[BlackElo "2116"]

1. d4 d5 2. c4 e5 3. dxe5 d4 4. Nf3 Nc6 5. Nbd2 Bg4 6. a3 Nge7 7. h3 Bxf3 8.
Nxf3 Qd7 9. e3 O-O-O 10. exd4 Nxd4 11. Nxd4 Qxd4 12. Qxd4 Rxd4 13. Be3 Re4 14.
Bd3 Rxe5 15. O-O Ng6 16. Bd4 Re8 17. Bf5+ Kb8 18. Rfe1 Bd6 19. Bxg7 Rhg8 20. Bf6
b6 21. Bd7 Rxe1+ 22. Rxe1 c5 23. g3 Kc7 24. Bf5 a5 25. h4 h6 26. Kf1 Nf8 27. Re8
a4 28. Ra8 Kb7 29. Be4+ Kc7 30. Bd8+ Kd7 31. Bxb6 1-0

[Event "Let's Play Chess!"]
[Site "http://www.queenalice.com/game.php?id=622980"]
[Date "2009.7.23"]
[Round "-"]
[White "SailingBiker"]
[Black "Pravitel"]
[Result "0-1"]
[WhiteElo "2348"]
[BlackElo "2301"]

1. e4 Nf6 2. e5 Nd5 3. Nc3 Nxc3 4. dxc3 d6 5. Nf3 Nc6 6. exd6 Qxd6 7. Be3 Bg4 8.
h3 Qxd1+ 9. Rxd1 Bxf3 10. gxf3 e6 11. Bb5 Bd6 12. Rg1 g6 13. Rg4 Ke7 14. Bxc6
bxc6 15. Rc4 Kd7 16. a4 f6 17. Ke2 a6 18. f4 Rhd8 19. h4 Rg8 20. Kf3 Rad8 21. h5
g5 22. fxg5 fxg5 23. Kg4 h6 24. b3 Rg7 25. Re4 Rf8 26. c4 Rf5 27. b4 Ke7 28. c5
Be5 29. c4 Rg8 30. b5 cxb5 31. cxb5 axb5 32. axb5 Bf4 33. Bd4 Rd5 34. Rde1 Kf7
35. b6 cxb6 36. cxb6 Rb8 37. Rb1 Rb7 38. Ra1 Bb8 39. Rc1 Bd6 40. Rc6 e5 41. Be3
Ke6 42. Ra4 Rb5 0-1

[Event "Let's Play Chess!"]
[Site "http://www.queenalice.com/game.php?id=635275"]
[Date "2009.8.12"]
[Round "-"]
[White "Pravitel"]
[Black "Conde7"]
[Result "0-1"]
[WhiteElo "2314"]
[BlackElo "2527"]

1. d4 Nf6 2. c4 e6 3. Nf3 d5 4. e3 dxc4 5. Bxc4 a6 6. O-O c5 7. Bb3 Nc6 8. Qe2
cxd4 9. Rd1 d3 10. Rxd3 Qc7 11. e4 Bc5 12. h3 O-O 13. Nc3 Nd7 14. Be3 Nce5 15.
Nxe5 Nxe5 16. Rd2 Bxe3 17. Qxe3 Bd7 18. Rad1 Bc6 19. Qg5 Rfe8 20. Rd6 Ng6 21. h4
Qe7 22. Qxe7 Rxe7 23. g3 Ne5 24. f4 Ng4 25. R1d3 h5 26. Bd1 Nf6 27. e5 Ng4 28.
Bxg4 hxg4 0-1

[Event "Let's Play Chess!"]
[Site "http://www.queenalice.com/game.php?id=635276"]
[Date "2009.8.12"]
[Round "-"]
[White "Conde7"]
[Black "Pravitel"]
[Result "1-0"]
[WhiteElo "2513"]
[BlackElo "2280"]

1. e4 Nf6 2. e5 Nd5 3. d4 d6 4. Nf3 dxe5 5. Nxe5 c6 6. Be2 Bf5 7. g4 Be6 8. f4
f6 9. Nd3 Bf7 10. O-O Na6 11. Nf2 Nac7 12. Ne4 g6 13. c4 Nb6 14. b3 Bg7 15. f5
gxf5 16. gxf5 Rg8 17. Kh1 Kd7 18. Nbc3 Qf8 19. Nc5+ Kc8 20. Bf3 Nd7 21. Nxd7
Kxd7 22. d5 c5 23. Ne4 b6 24. b4 cxb4 25. Qa4+ Kd8 26. Qxb4 Ne8 27. c5 Rb8 28.
Bf4 Rb7 29. Rad1 Kc8 30. d6 1-0

[Event "Let's Play Chess!"]
[Site "http://www.queenalice.com/game.php?id=643001"]
[Date "2009.8.28"]
[Round "-"]
[White "Mehe"]
[Black "Pravitel"]
[Result "1/2-1/2"]
[WhiteElo "2349"]
[BlackElo "2274"]

1. d4 Nf6 2. c4 e6 3. Nc3 Bb4 4. f3 d5 5. e3 O-O 6. a3 Bxc3+ 7. bxc3 c5 8. cxd5
Nxd5 9. Bd2 Nc6 10. Bd3 cxd4 11. cxd4 e5 12. Ne2 exd4 13. exd4 Re8 14. O-O Ne3
15. Bxe3 Rxe3 16. Qd2 Re8 17. Kh1 Be6 18. Rab1 Rb8 19. Rfc1 Qd6 20. Be4 f5 21.
Bc2 Re7 22. Rd1 Rd8 23. Ng3 Qxa3 24. Nxf5 Bxf5 25. Bxf5 Rxd4 26. Qc2 Rxd1+ 27.
Rxd1 g6 28. Bxg6 hxg6 29. Qxg6+ Kh8 30. Qf6+ Kg8 31. Qg6+ Kf8 32. Qf5+ Kg8 33.
Qg6+ 1/2-1/2

[Event "Let's Play Chess!"]
[Site "http://www.queenalice.com/game.php?id=643004"]
[Date "2009.8.28"]
[Round "-"]
[White "Pravitel"]
[Black "Mehe"]
[Result "1-0"]
[WhiteElo "2276"]
[BlackElo "2347"]

1. d4 d6 2. c4 Nf6 3. Nf3 g6 4. Nc3 Bg7 5. e4 O-O 6. h3 e5 7. d5 a5 8. Bd3 Na6
9. O-O Nh5 10. Bg5 f6 11. Be3 Qe8 12. Bc2 f5 13. exf5 gxf5 14. Ng5 h6 15. Ba4
Qg6 16. Ne6 Rf6 17. Nxg7 Nxg7 18. f4 e4 19. Qd2 Rf7 20. a3 Bd7 21. Bxd7 Rxd7 22.
b4 Re7 23. Rfb1 Nh5 24. Ra2 b6 25. Nb5 Kh7 26. bxa5 bxa5 27. Qxa5 Rg7 28. Bd4
Re7 29. Rf1 Qg3 30. Qc3 Rg8 31. Qxg3 Rxg3 32. Re1 Rd3 33. Be3 Rg7 34. Nd4 Kg6
35. a4 Kf6 36. a5 1-0

[Event "Challenge #01"]
[Site "http://www.queenalice.com/game.php?id=657870"]
[Date "2009.9.25"]
[Round "-"]
[White "Aylton"]
[Black "Pravitel"]
[Result "0-1"]
[WhiteElo "2061"]
[BlackElo "2325"]

1. d4 Nf6 2. Nf3 e6 3. e3 b6 4. c4 Bb7 5. Nc3 Be7 6. Be2 O-O 7. O-O d5 8. h3 h6
9. a3 Nbd7 10. b3 c5 11. Bb2 cxd4 12. exd4 dxc4 13. Bxc4 Ne4 14. Nxe4 Bxe4 15.
Re1 Nf6 16. Rc1 Rc8 17. b4 a5 18. bxa5 bxa5 19. Be2 Qb6 20. Rxc8 Rxc8 21. Qa1
Rc2 22. Bc1 Qc7 23. Be3 Nd5 24. Bd1 Nxe3 25. fxe3 Qg3 26. Re2 Bxf3 27. Rxc2 Qe1+
28. Kh2 Bd6+ 0-1

[Event "Challenge #02"]
[Site "http://www.queenalice.com/game.php?id=657871"]
[Date "2009.9.25"]
[Round "-"]
[White "Pravitel"]
[Black "Aylton"]
[Result "1-0"]
[WhiteElo "2329"]
[BlackElo "2053"]

1. d4 Nf6 2. c4 e6 3. Nf3 d5 4. Nc3 h6 5. e3 a6 6. cxd5 exd5 7. Qc2 c6 8. Bd3
Be7 9. O-O O-O 10. b3 Be6 11. Ne2 Nbd7 12. Nf4 Rc8 13. Nxe6 fxe6 14. Nh4 g5 15.
Ng6 Rf7 16. Nxe7+ Qxe7 17. f4 g4 18. Bb2 Kg7 19. a4 h5 20. Ba3 Qd8 21. Bg6 Nf8
22. Bxf7 Kxf7 23. f5 N8h7 24. fxe6+ Kxe6 25. Qf5+ Kf7 26. Qxh5+ Kg7 27. Qe5 Qe8
28. Be7 Kf7 29. Rxf6+ 1-0

[Event "Challenge"]
[Site "http://www.queenalice.com/game.php?id=665620"]
[Date "2009.10.10"]
[Round "-"]
[White "Diemerlin"]
[Black "Pravitel"]
[Result "1-0"]
[WhiteElo "2162"]
[BlackElo "2287"]

1. c4 Nf6 2. Nc3 e6 3. e4 d5 4. e5 d4 5. exf6 dxc3 6. bxc3 Qxf6 7. Nf3 e5 8. Bd3
Nc6 9. O-O Bf5 10. Bxf5 Qxf5 11. d4 O-O-O 12. Be3 Be7 13. Rb1 b6 14. Qa4 Na5 15.
Qb5 Nb7 16. Rfe1 Rhe8 17. Nxe5 Bf6 18. g4 Qe6 19. d5 Qxe5 20. Bd2 Kb8 21. Rxe5
Rxe5 22. Re1 1-0

[Event "Hoping your willingness"]
[Site "http://www.queenalice.com/game.php?id=666071"]
[Date "2009.10.12"]
[Round "-"]
[White "PhilBFrance"]
[Black "Pravitel"]
[Result "1-0"]
[WhiteElo "2242"]
[BlackElo "2318"]

1. e4 Nf6 2. e5 Nd5 3. c4 Nb6 4. c5 Nd5 5. Nc3 e6 6. d4 Nxc3 7. bxc3 b6 8. Qg4
bxc5 9. Bg5 Be7 10. Bxe7 Qxe7 11. Qxg7 Rf8 12. Nf3 cxd4 13. Nxd4 Qa3 14. Qg3 Bb7
15. Be2 Bxg2 16. Nb5 Qb2 17. Qxg2 1-0

[Event "Challenge"]
[Site "http://www.queenalice.com/game.php?id=668812"]
[Date "2009.10.18"]
[Round "-"]
[White "Pravitel"]
[Black "PhilBFrance"]
[Result "0-1"]
[WhiteElo "2333"]
[BlackElo "2227"]

1. d4 Nf6 2. c4 e6 3. Nf3 d5 4. Nc3 Nc6 5. Bg5 Be7 6. e3 O-O 7. Rc1 h6 8. Bh4 a6
9. a3 Na5 10. cxd5 exd5 11. b4 Nc6 12. Bd3 Re8 13. O-O Be6 14. Re1 Kf8 15. h3
Kg8 0-1

[Event "Challenge"]
[Site "http://www.queenalice.com/game.php?id=691903"]
[Date "2009.12.2"]
[Round "-"]
[White "Diemerlin"]
[Black "Pravitel"]
[Result "1-0"]
[WhiteElo "2143"]
[BlackElo "2304"]

1. e4 Nf6 2. Nc3 d5 3. d4 Nxe4 4. Nxe4 dxe4 5. Bf4 Bf5 6. Qd2 e6 7. Ne2 Nc6 8.
h3 Nb4 9. O-O-O Nd5 10. g4 Bg6 11. Bg3 Bd6 12. Bg2 a5 13. Kb1 O-O 14. h4 h6 15.
g5 Bb4 16. Qc1 hxg5 17. hxg5 1-0